Wszyscy Władcy Rzymu i jego następców (753p.n.e - 1479) - Statystyki

Ogólne statystyki
  • Ten quiz został rozwiązany 119 razy
  • Średni wynik to 26 z 253
Statystyki odpowiedzi
Lata Panowania Władca % Poprawnych
54 - 68 Neron
82%
37 - 41 Kaligula
81%
753p.n.e - 716p.n.e Romulus
81%
27p.n.e - 14 Oktawian August
70%
161 - 180 Marek Aureliusz
67%
14 - 37 Tyberiusz
55%
518 - 527 Justyn I
51%
117 - 138 Hadrian
48%
69 - 79 Wespazjan
48%
98 - 117 Trajan
43%
41 - 54 Klaudiusz
42%
180 - 192 Kommodus
39%
337 - 340 Konstantyn II
39%
79 - 81 Tytus
39%
306 - 337 Konstantyn I Wielki
34%
641 Konstantyn III
33%
534p.n.e - 509p.n.e Tarkwiniusz Pyszny
33%
96 - 98 Nerwa
28%
68 - 69 Galba
27%
211 - 217 Karakalla
27%
284 - 305 Dioklecjan
25%
457 - 474 Leon I
25%
193 - 211 Septymiusz Sewer
25%
474 - 475 | 476 - 491 Zenon
25%
138 - 161 Antoninus Pius
24%
81 - 96 Domicjan
24%
527 - 565 Justynian I Wielki
24%
668 - 685 Konstantyn IV
24%
780 - 797 Konstantyn VI
24%
1025 - 1028 Konstantyn VIII
24%
473 - 474 Leon II
24%
69 Witeliusz
24%
912 - 913 Aleksander
22%
565 - 578 Justyn II
22%
69 Oton
22%
379 - 395 Teodozjusz I Wielki
22%
361 - 363 Julian Apostata
21%
408 - 450 Teodozjusz II
21%
270 - 275 Aurelian
19%
211 - 212 Geta
19%
1235 - 1238 Jan I
19%
1280 - 1284 | 1285 - 1297 Jan II
19%
1332 - 1340 Bazyli
18%
247 - 249 Filip II
18%
218 - 222 Heliogabal
18%
1342 - 1344 Jan III
18%
475 - 476 Romulus Augustus
18%
395 - 408 Arkadiusz
16%
244 - 249 Filip I Arab
16%
395 - 423 Honoriusz
16%
1429 - 1458 Jan IV
16%
337 - 361 Konstancjusz II
16%
193 Pertynaks
16%
222 - 235 Aleksander Sewer
15%
217 - 218 Makrynus
15%
307 - 312 Maksencjusz
15%
276 - 282 Probus
15%
364 - 375 Walentynian I
15%
375 - 392 Walentynian II
15%
367 - 383 Gracjan
13%
617p.n.e - 579p.n.e Tarkwiniusz Stary
13%
364 - 378 Walens
13%
238 Balbin
12%
276 Florian
12%
602 - 610 Fokas
12%
238 Gordian I
12%
238 Gordian II
12%
238 - 244 Gordian III
12%
363 - 364 Jowian
12%
337 - 350 Konstans I
12%
308 - 324 Licyniusz
12%
161 - 169 Lucjusz Werus
12%
285 - 305 Maksymian
12%
235 - 238 Maksymin Trak
12%
450 - 457 Marcjan
12%
238 Pupien
12%
275 - 276 Tacyt
12%
425 - 455 Walentynian III
12%
193 Dydiusz Julian
10%
610 - 641 Herakliusz
10%
268 - 270 Klaudiusz II Gocki
10%
421 Konstancjusz III
10%
1341 | 1344 - 1349 Michał
10%
579p.n.e - 534p.n.e Serwiusz Tuliusz
10%
1042 | 1055 - 1056 Teodora
10%
1028 - 1050 Zoe
10%
491 - 518 Anastazjusz I
9%
976 - 1025 Bazyli II Bułgarobójca
9%
249 - 251 Decjusz
9%
305 - 311 Galeriusz
9%
253 - 268 Galien
9%
797 - 802 Irena
9%
474 - 475 | 476 - 480 Juliusz Nepos
9%
282 - 283 Karus
9%
283 - 285 Karynus
9%
305 - 306 Konstancjusz I Chlorus
9%
309 - 313 Maksymin Daja
9%
715p.n.e - 673p.n.e Numa Pompiliusz
9%
283 - 284 Numerian
9%
251 - 253 Trebonian Gallus
9%
253 - 260 Walerian I
9%
253 - 257 Walerian II
9%
1204 - 1222 Aleksy I
7%
1297 - 1330 Aleksy II
7%
1417 - 1429 Aleksy IV
7%
642p.n.e - 617p.n.e Ankus Marcjusz
7%
867 - 886 Bazyli I Macedończyk
7%
475 - 476 Bazyliskus
7%
218 Diadumenian
7%
253 Emilian
7%
716 - 717 Teodozjusz III
7%
829 - 842 Teofil
7%
698 - 705 Tyberiusz III
7%
1349 - 1390 Aleksy III
6%
455 - 456 Awitus
6%
473 - 474 Gliceriusz
6%
251 Herenniusz
6%
251 Hostylian
6%
1266 - 1280 Jerzy
6%
641 - 668 Konstans II
6%
270 Kwintyllus
6%
695 - 698 Leoncjusz II
6%
461 - 465 Libiusz Sewer
6%
1238 - 1263 Manuel I
6%
1332 Manuel II
6%
1390 - 1417 Manuel III
6%
324 Martynian
6%
464 - 470 Paweł
6%
259 - 260 Salonin
6%
470 - 486 Syagriusz
6%
251 - 253 Woluzjan
6%
713 - 716 Anastazjusz II
4%
1263 - 1266 Andronik II
4%
1330 - 1332 Andronik III
4%
306 - 307 Flawiusz Sewer
4%
913 - 959 Konstantyn VII Porfirogeneta
4%
1448 - 1453 Konstantyn XI Paleolog
4%
457 - 461 Majoran
4%
1143 - 1180 Manuel I Komnen
4%
475 - 476 Marcus
4%
582 - 602 Maurycjusz
4%
802 - 811 Nicefor I Genik
4%
316 - 317 Waleriusz Walens
4%
1195 - 1203 Aleksy III Angelos
3%
1081 - 1118 Aleksy I Komnen
3%
1203 - 1204 Aleksy IV Angelos
3%
465 - 472 Antemiusz
3%
1185 - 1195 | 1203 - 1204 Izaak II Angelos
3%
1057 - 1059 Izaak I Komnen
3%
969 - 976 Jan I Tzimiskes
3%
1428 - 1448 Jan VIII Paleolog
3%
1390 Jan VII Paleolog
3%
717 - 741 Leon III Izauryjczyk
3%
963 - 969 Nicefor II Fokas
3%
472 Olibriusz
3%
455 Petroniusz Maksymus
3%
1180 - 1183 Aleksy II Komnen
1%
1204 Aleksy V Murzuflos
1%
1328 - 1341 Andronik III Paleolog
1%
1282 - 1328 Andronik II Paleolog
1%
1183 - 1185 Andronik I Komnen
1%
1376 - 1379 Andronik IV Paleolog
1%
461 - 464 Egidiusz
1%
711 - 713 Filipikos Bardanes
1%
641 Herakleonas
1%
1222 - 1254 Jan III Dukas Watatzes
1%
1118 - 1143 Jan II Komnen
1%
1258 - 1261 Jan IV Laskarys
1%
1347 - 1354 Jan VI Kantakuzen
1%
1341 - 1347 | 1355 - 1376 | 1379 - 1390 | 1390 - 1391 Jan V Paleolog
1%
685 - 695 | 705 - 711 Justynian II Rhinotmetos
1%
1042 - 1055 Konstantyn IX Monomach
1%
741 - 775 Konstantyn V Kopronim
1%
1059 - 1067 Konstantyn X Dukas
1%
775 - 780 Leon IV Chazar
1%
813 - 820 Leon V Armeńczyk
1%
886 - 912 Leon VI Filozof
1%
1391 - 1425 Manuel II Paleolog
1%
1353 - 1357 Mateusz Kantakuzen
1%
820 - 829 Michał II Amoryjczyk
1%
842 - 867 Michał III Metystes
1%
811 - 813 Michał I Rangabe
1%
1034 - 1041 Michał IV Paflagończyk
1%
1259 - 1282 Michał IV Paleolog
1%
1028 - 1034 Roman III Argyros
1%
959 - 963 Roman II Porfirogeneta
1%
919 - 944 Roman I Lekapen
1%
1068 - 1071 Roman IV Diogenes
1%
811 Staurakios
1%
1254 - 1258 Teodor II Laskarys
1%
1204 - 1222 Teodor I Laskarys
1%
578 - 582 Tyberiusz II Konstantyn
1%
1474 - 1475 Aleksander Gabras
0%
1402 - 1434 Aleksy I Gabras
0%
1434 - 1444 Aleksy II Gabras
0%
1222 - 1235 Andronik I Gidos
0%
1341 | 1341 - 1342 Anna Anachutlu
0%
741 - 743 Artabasdes
0%
???? - ???? Basilos Gabras
0%
1204 - 1214 Dawid I
0%
1458 - 1461 Dawid II
0%
1244 - 1246 Demetriusz Angelos
0%
1362 - 1368 Demetriusz Gabras
0%
1453 - 1460 Demetriusz II Paleolog
0%
1384 - 1411 Esau Buondelmonti
0%
1067 - 1068 | 1071 Eudoksja Makrembolitissa
0%
570 - 578 Garmul
0%
1411 Giorgio Buondelmonti
0%
1359 - 1399 Gjin Bua Spata
0%
1340 - 1341 Irena Paleolog
0%
1471 - 1474 Izaak Gabras
0%
1237 - 1244 Jan Angelos Dukas Komnen
0%
1444 - 1460 Jan Gabras
0%
1323 - 1335 Jan I Orsini
0%
1429 - 1448 Karol II Tocco
0%
1399 - 1429 Karol I Tocco
0%
1448 - 1479 Leonardo III Tocco
0%
1230 - 1237 Manuel Angelos Dukas Komnen
0%
1384 - 1385 Maria Angelina
0%
535 - 541 Mastigas
0%
508 - 535 Masun
0%
1204 - 1214 Michał I Angelos
0%
1230 - 1271 Michał II Angelos
0%
1071 - 1078 Michał VII Dukas
0%
1056 - 1057 Michał VI Stratiotikos
0%
1041 - 1042 Michał V Kalafates
0%
1318 - 1323 Mikołaj Orsini
0%
1271 - 1296 Nicefor I Angelos
0%
1078 - 1081 Nicefor III Botaniates
0%
1335 - 1340 | 1356 - 1359 Nicefor II Orsini
0%
480 - 481 Owida
0%
???? - 1402 Stefan Gabras
0%
1359 - 1366 Symeon Sinisza Nemanjić
0%
1214 - 1230 | 1227 - 1230 Teodor Angelos Dukas Komnen
0%
1284 - 1285 Theodora Komnena
0%
1296 - 1318 Tomasz Angelos
0%
1453 - 1460 Tomasz Paleolog
0%
1366 - 1384 Tomasz Preljubowicz
0%
673p.n.e - 642p.n.e Tullus Hostiliusz
0%
Nie znaleziono quizów pasujących do podanych kryteriów
Rozkład punktacji
Procent ludzi z każdym wynikiem
Percentyl według liczby udzielonych odpowiedzi
Twoja historia wyników
Nie rozwiązałeś tego quizu